000
00335 a2200157 4500
001
192538
020
_a
978-0-521-67478-2
040
_c
Magnum
100
_a
Hayes, Rosemary
240
1
0
_a
The peace ring
_l
por
245
1
0
_a
The peace ring
300
_a
32
362
0
_a
2005
697
_a
LITERATURA INFANTIL INGLESA
942
_c
BK
999
_c
192538
_d
192538